Normal view
MARC view
- TELEVISION AND VIDEO-PROJECTS
Entry Topical Term
001 - CONTROL NUMBER
- control field: 76228
003 - CONTROL NUMBER IDENTIFIER
- control field: NUST
005 - DATE AND TIME OF LATEST TRANSACTION
- control field: 20210628205614.0
008 - FIXED-LENGTH DATA ELEMENTS
- fixed length control field: 210628|| aca||aabn | a|a d
040 ## - CATALOGING SOURCE
- Original cataloging agency: NUST
- Transcribing agency: NUST
150 ## - HEADING--TOPICAL TERM
- Topical term or geographic name entry element: TELEVISION AND VIDEO-PROJECTS
670 ## - SOURCE DATA FOUND
- Source citation: Work cat.: (NUST): Maplin 76227, Video and tv projects a collection of useful and proven design ideas, 1997
